| 000 | 00615cam a2200181 4500 | ||
|---|---|---|---|
| 001 | WS116372 | ||
| 008 | 020117n 000 0 eng u | ||
| 035 | _a(Sirsi) u116372 | ||
| 245 | _aUltimate CAD Directory | ||
| 520 | _aIndex of web sites on computer aided design in construction listed under subject headings. | ||
| 650 | _aMANAGEMENT-BUSINESS MANAGEMENT-INFORMATION MANAGEMENT | ||
| 650 | _aCAD | ||
| 650 | _aCOMPUTER AIDED DESIGN | ||
| 650 | _aSOFTWARE | ||
| 690 | _aBUILT ENVIRONMENT | ||
| 856 | 4 | 0 |
_uhttps://www.tenlinks.com/CAD _zView the website free of charge at www.tenlinks.com/CAD... |
| 942 | _n0 | ||
| 999 |
_c119984 _d119984 |
||